• 首页
  • 本馆介绍
  • 公告通知
  • 最新文献
  • 馆藏检索
  • 电子资源
  • 读者导购
  • 参考咨询
  • 我的图书馆
  • 登录
  • 详细信息显示
  • 放入我的书架
  • 预约/预借图书
  • 作者相关作品
  • 分类相关作品
  • 丛书相关作品
  • 出版社相关作品

书目信息

  • 表格格式
  • 工作单格式
  • 卡片格式
题名:
日语翻译例解
    
 
作者: 李统汉 编著
分册:  
出版信息: 哈尔滨   黑龙江人民出版社  1984
页数: 355页
开本: 19cm
丛书名:
单 册:
中图分类: H365.9
科图分类:
主题词: 日语-翻译--释例 , 翻译-日语--释例
电子资源:
ISBN:
000 00662nam0 2200253 45
001 0184002936
005 20040510112837.9
010    @dCNY1.20
091    @a9093.31
100    @a19950619d1984 em y0chiy0121 ea
101 2  @achi@ajpn
102    @aCN@b230000
105    @ay z 000yy
106    @ar
200 10 @a日语翻译例解@Ari yu fan yi li jie@f李统汉编著
210    @a哈尔滨@c黑龙江人民出版社@d1984
215    @a355页@d19cm
606    @a日语-翻译@x释例
606    @a翻译-日语@x释例
690    @aH365.9@v3
701  0 @a李统汉@Ali tong han@4编著
801  0 @aCN@b上海图书馆@c20040510
801  2 @aCN@bNLC@c20040510
905    @f1@b154307@dH365.9@e129
    
    日语翻译例解/李统汉编著.-哈尔滨:黑龙江人民出版社,1984
    355页;19cm
    
    
    ISBN :CNY1.20
    
●
相关链接 在E读中查询图书 在五车中查询图书 在当当中查询图书 在豆瓣中查询图书


正题名:日语翻译例解     索取号:H365.9/129         预约/预借

序号 登录号 条形码 馆藏地/架位号 状态 备注
1 0154307   000056762   密集书库/ [索取号:H365.9/129] 在馆    
2 0154308   001152923   第二样本阅览室/ [索取号:H365.9/129] 在馆    
唐山师范学院图书馆 欢迎您!
大连网信软件有限公司© 版权所有